Prime Ministers of Israel by Picture - Statistics

General Stats
  • This quiz has been taken 58 times
  • The average score is 10 of 15
Answer Stats
Picture Hint Answer % Correct
1996-1999 | 2009-2021 | 2022-Present Benjamin Netanyahu
93%
1969-1974 Golda Meir
90%
1948-1954 | 1955-1963 David Ben-Gurion
88%
1974-1977 | 1992-1995 Yitzhak Rabin
80%
1984-1986 | 1995-1996 Shimon Peres
76%
2001-2006 Ariel Sharon
73%
1977-1983 Menachem Begin
71%
2021-2022 Naftali Bennett
66%
1999-2001 Ehud Barak
59%
1983-1984 | 1986-1992 Yitzhak Shamir
56%
2006-2009 Ehud Olmert
54%
1963-1969 Levi Eshkol
54%
2022 Yair Lapid
54%
1954-1955 Moshe Sharett
46%
1969 Yigal Allon
32%
No matching quizzes found
Score Distribution
Percent of People with Each Score
Percentile by Number Answered
Your Score History
You have not taken this quiz